000 02583cam a2200301 a 4500
001 3726991
005 20241216121607.0
008 070410s2007 enka b 001 0 eng
010 _a 2007296319
015 _aGBA655852
_2bnb
020 _a9780745627748 (pbk.)
035 _a(CaONFJC)cou00093955
040 _aUKM
_cUKM
_dBAKER
_dBWKUK
_dYDXCP
_dOCLCQ
_dDLC
_dCaONFJC
_dUtOrBLW
042 _alccopycat
050 0 0 _aJC575
_b.W54 2007
090 _aJC575
_b.W54 2007
100 _aWhite, Stuart Gordon,
_d1966-
245 1 0 _aEquality
_c/ Stuart White.
260 _aCambridge, UK ;
_aMalden, MA :
_bPolity Press,
_c2007.
300 _aix, 197 p. :
_bill. ;
_c22 cm.
490 1 _aKey concepts in the social sciences
504 _aIncludes bibliographical references (pages [174]-190) and index.
505 _gThe Demand for Equality — Democracy — Meritocracy — Luck Egalitarianism — Equality and Incentives — Equality and Difference — The Future of Equality.
520 _aThe demand for equality is central to modern politics. But what exactly do we mean by equality? Does it threaten other important values? Is it a demand we should support or question? This highly accessible book provides an engaging introduction to the concept of equality and to the debates, historical and contemporary, that surround it. It explains and critically considers how the demand for equality arises in different spheres. In the political sphere, it explores the relationship between equality and democracy. In the economic and social spheres, it explores the ideal of meritocracy and more radical theories of egalitarian justice developed in the works of John Rawls and Ronald Dworkin. In the legal sphere, the book discusses the challenges that feminism and multiculturalism pose to conventional conceptions of equal citizenship. It concludes with an examination of whether equality should go global, and by analyzing contemporary arguments for and against the continuing relevance of equality to the political life of affluent democracies. Throughout, the book considers the tensions internal to the demand for equality and between equality and other important values such as liberty and efficiency. Drawing on political philosophy, sociology and the history of political thought, the book will be of interest to students and researchers in philosophy and the social sciences and anyone interested in the values that animate democratic political life.
650 0 _aEquality
_97120
830 0 _aKey concepts in the social sciences.
942 _2lcc
999 _c4436
_d4436